[Event "54th Biel Master Open"]
[Site "Biel SUI"]
[Date "2021.07.27"]
[EventDate "?"]
[Round "2.13"]
[Result "1-0"]
[White "R Vaishali"]
[Black "D Gukesh"]
[WhiteElo "2393"]
[BlackElo "2578"]
[PlyCount "100"]

1. e4 c5 2. Nf3 Nc6 3. Bb5 g6 4. O-O Bg7 5. c3 Nf6 6. Re1 Qb6 7. Bxc6 dxc6 8. h3 O-O 9. d4 Qa5 10. e5 Nd5 11. c4 Nb4 12. a3 Bf5 13. Bd2 Qa6 14. g4 Nc2 15. gxf5 Nxa1 16. Nc3 Qxc4 17. Qxa1 Qd3 18. Kg2 Qxf5 19. Re4 Rad8 20. Qa2 cxd4 21. Nxd4 Qh5 22. Bf4 g5 23. Bg3 Qg6 24. Qc4 Kh8 25. Qe2 c5 26. Nf3 f5 27. exf6 exf6 28. Re6 Rde8 29. Ne5 Qf5 30. Rxe8 fxe5 31. Rxf8+ Qxf8 32. Bxe5 b6 33. Bxg7+ Kxg7 34. Qe5+ Qf6 35. Qc7+ Qf7 36. Qxf7+ Kxf7 37. Kf3 h5 38. Ne4 Kg6 39. Nd6 a6 40. Ke4 Kf6 41. a4 Ke6 42. Nc4 b5 43. axb5 axb5 44. Na3 b4 45. Nc4 Kf6 46. b3 Ke6 47. Ne5 Ke7 48. Kd5 Kf6 49. f3 c4 50. bxc4 1-0

[Event "54th Biel Master Open"]
[Site "Biel SUI"]
[Date "2021.07.28"]
[EventDate "?"]
[Round "3.13"]
[Result "1/2-1/2"]
[White "D Gukesh"]
[Black "Nico Stelmaszyk"]
[WhiteElo "2578"]
[BlackElo "2296"]
[PlyCount "50"]

1. d4 d5 2. Nf3 Nf6 3. Bf4 c5 4. e3 Nc6 5. Nbd2 e6 6. c3 Bd6 7. Ne5 Qc7 8. Ndf3 Nd7 9. Bb5 O-O 10. Bxc6 bxc6 11. Qa4 cxd4 12. Nxd7 Bxd7 13. Bxd6 Qxd6 14. cxd4 Rfb8 15. b3 Rb4 16. Qa3 c5 17. Rc1 cxd4 18. exd4 Bb5 19. Rc5 Rxd4 20. Nxd4 Qe5+ 21. Kd2 Qxd4+ 22. Ke1 Qe4+ 23. Kd2 Qd4+ 24. Ke1 Qe4+ 25. Kd1 Qd4+ 1/2-1/2

[Event "54th Biel Master Open"]
[Site "Biel SUI"]
[Date "2021.08.02"]
[EventDate "?"]
[Round "7.8"]
[Result "0-1"]
[White "Alessio Valsecchi"]
[Black "D Gukesh"]
[WhiteElo "2527"]
[BlackElo "2578"]
[PlyCount "78"]

1. e4 c6 2. d4 d5 3. f3 e6 4. Nc3 c5 5. exd5 exd5 6. Bb5+ Nc6 7. dxc5 Be6 8. Be3 Ne7 9. Nge2 Nf5 10. Bf2 Qg5 11. Qd3 Qxg2 12. Rg1 Qxh2 13. Nxd5 Rd8 14. c4 Be7 15. Rg4 O-O 16. O-O-O Qxf2 17. Bxc6 Qxc5 18. Bxb7 h5 19. Re4 Bg5+ 20. f4 Bxd5 21. Bxd5 Bf6 22. Nc3 Ne7 23. Qe2 g6 24. Kb1 Rb8 25. Re5 Qc7 26. Re3 Nf5 27. Red3 Rb6 28. Qe4 Qb8 29. b3 Rxb3+ 30. axb3 Qxb3+ 31. Kc1 Bxc3 32. R1d2 Rb8 33. Bxf7+ Kg7 34. Rd7 Qa3+ 35. Kd1 Qa1+ 36. Ke2 Ng3+ 37. Kf3 Nxe4 38. Rd1 Qxd1+ 39. Rxd1 Nd2+ 0-1

[Event "54th Biel Master Open"]
[Site "Biel SUI"]
[Date "2021.08.03"]
[EventDate "?"]
[Round "8.4"]
[Result "0-1"]
[White "Surya Shekhar Ganguly"]
[Black "D Gukesh"]
[WhiteElo "2625"]
[BlackElo "2578"]
[PlyCount "86"]

1. b3 d5 2. Bb2 Bf5 3. d3 c5 4. Nd2 Nf6 5. e4 dxe4 6. dxe4 Nxe4 7. Bd3 Nd6 8. Bxf5 Nxf5 9. Qf3 Qc8 10. Ne2 Nc6 11. O-O-O e6 12. Ne4 Be7 13. g4 Nfd4 14. Nxd4 cxd4 15. Bxd4 Nxd4 16. Rxd4 O-O 17. Rhd1 Qc6 18. Qd3 h6 19. Qc4 Qb6 20. Rd7 Rfd8 21. a4 a6 22. h4 Bxh4 23. Qc7 Qxc7 24. Rxc7 b5 25. f3 f5 26. gxf5 Rxd1+ 27. Kxd1 exf5 28. Nc5 bxa4 29. bxa4 h5 30. Rc6 a5 31. Ne6 Bf6 32. Ke2 h4 33. f4 Rb8 34. Ra6 Rb4 35. Ng5 Bxg5 36. fxg5 Kh7 37. Rxa5 Kg6 38. Ra7 h3 39. Kf2 Rg4 40. Ra8 Rg2+ 41. Kf3 Rxc2 42. Rh8 Ra2 43. Rxh3 Rxa4 0-1

[Event "54th Biel Master Open"]
[Site "Biel SUI"]
[Date "2021.08.04"]
[EventDate "?"]
[Round "9.1"]
[Result "1/2-1/2"]
[White "D Gukesh"]
[Black "Murali Karthikeyan"]
[WhiteElo "2578"]
[BlackElo "2606"]
[PlyCount "80"]

1. d4 Nf6 2. c4 e6 3. Nf3 d5 4. g3 dxc4 5. Bg2 a6 6. O-O Nc6 7. Nc3 Bb4 8. Qc2 O-O 9. Rd1 Be7 10. Bg5 Rb8 11. Bxf6 Bxf6 12. Ne4 b5 13. b3 Nb4 14. Qd2 Nd5 15. bxc4 bxc4 16. Rac1 c5 17. Nxc5 c3 18. Qe1 Rb2 19. a3 c2 20. Rd3 Be7 21. Qd2 Bd7 22. Nxd7 Qxd7 23. Rxc2 Rb1+ 24. Rc1 Rfb8 25. Qd1 Qb5 26. Nd2 Rxc1 27. Qxc1 Qb2 28. Qxb2 Rxb2 29. Bf3 Nb6 30. Ne4 f5 31. Nd2 Kf7 32. e3 a5 33. e4 Ra2 34. d5 Rxa3 35. dxe6+ Kf6 36. Rxa3 Bxa3 37. exf5 Bb4 38. e7 Bxe7 39. g4 a4 40. Bd1 Ke5 1/2-1/2

[Event "Riga Tech Open A 2021"]
[Site "Riga LAT"]
[Date "2021.08.09"]
[EventDate "2021.08.09"]
[Round "1.13"]
[Result "1/2-1/2"]
[White "Rihards Bekasovs"]
[Black "D Gukesh"]
[WhiteElo "2140"]
[BlackElo "2578"]
[PlyCount "142"]

1. Nf3 Nf6 2. b3 g6 3. Bb2 Bg7 4. c4 O-O 5. g3 d6 6. d4 Nbd7 7. Bg2 e5 8. dxe5 dxe5 9. Nc3 e4 10. Nd4 e3 11. f3 Qe7 12. O-O Nc5 13. Qc1 Re8 14. Rd1 c6 15. b4 Ncd7 16. b5 c5 17. Nc2 Nb6 18. Nd5 Nfxd5 19. cxd5 Bxb2 20. Qxb2 Bf5 21. d6 Nc4 22. Qc3 Nxd6 23. Qxc5 Bxc2 24. Qxc2 Nxb5 25. Qb2 Nd6 26. f4 Rad8 27. Rd3 Nc4 28. Qc3 Rxd3 29. Qxd3 b5 30. a4 Qf6 31. Rd1 Kg7 32. Qd7 Re7 33. Qxb5 Rc7 34. Qb8 Qe7 35. Rc1 Qa3 36. Rb1 Re7 37. Qb4 Qxb4 38. Rxb4 Nd2 39. Ba8 Rc7 40. Kg2 Rc1 41. Bb7 h5 42. h4 Rf1 43. Ba6 Rf2+ 44. Kg1 Nf1 45. Rb3 Nxg3 46. Rxe3 Rf1+ 47. Kg2 Nf5 48. Kxf1 Nxe3+ 49. Kf2 Nd5 50. Kf3 Kf6 51. e4 Nc7 52. Bc4 Ne8 53. Ke3 Ke7 54. Kd4 Nd6 55. Bd3 Ke6 56. Bc2 f6 57. Bb3+ Ke7 58. Bc2 Nf7 59. Bd1 Kd6 60. Bb3 Nd8 61. Bg8 Nc6+ 62. Ke3 Ke7 63. Bd5 Nb4 64. Bb3 Nc6 65. Bd5 Nb8 66. Kd4 Nd7 67. e5 Nf8 68. Ke4 Ne6 69. f5 Nf8 70. Kf4 a5 71. Ke4 gxf5+ 1/2-1/2

[Event "Riga Tech Open A 2021"]
[Site "Riga LAT"]
[Date "2021.08.10"]
[EventDate "2021.08.09"]
[Round "3.16"]
[Result "0-1"]
[White "Rokas Klabis"]
[Black "D Gukesh"]
[WhiteElo "2323"]
[BlackElo "2578"]
[PlyCount "84"]

1. e4 c5 2. Nf3 Nc6 3. Bb5 g6 4. O-O Bg7 5. c3 Nf6 6. Qe2 O-O 7. Rd1 e5 8. d3 d6 9. Bg5 h6 10. Bh4 Qb6 11. Bxf6 Bxf6 12. Na3 Nd8 13. Ba4 Ne6 14. g3 Bg7 15. Bb3 Kh8 16. Nc4 Qd8 17. Ne3 f5 18. exf5 gxf5 19. d4 cxd4 20. cxd4 e4 21. Nh4 Nf4 22. gxf4 Qxh4 23. Kh1 Bd7 24. Rg1 Be8 25. Rg3 Bh5 26. Qb5 Qxf4 27. Qxb7 Bxd4 28. Kg1 Qe5 29. Rc1 Rab8 30. Qd7 Rbd8 31. Qb7 Bc5 32. Rg2 Rde8 33. Nc4 Qf6 34. Ne3 f4 35. Ng4 Qe7 36. Qd5 Qg5 37. Qc4 f3 38. Rg3 Bxg4 39. h3 Bxf2+ 40. Kxf2 e3+ 41. Kg1 f2+ 42. Kh2 e2 0-1

[Event "Riga Tech Open A 2021"]
[Site "Riga LAT"]
[Date "2021.08.11"]
[EventDate "2021.08.09"]
[Round "4.8"]
[Result "1-0"]
[White "D Gukesh"]
[Black "Benjamin Haldorsen"]
[WhiteElo "2578"]
[BlackElo "2471"]
[PlyCount "100"]

1. d4 Nf6 2. Nf3 d5 3. c4 e6 4. Nc3 a6 5. cxd5 exd5 6. Bg5 Be6 7. e3 Nbd7 8. Bd3 Bd6 9. O-O c6 10. Bf4 Qc7 11. Qd2 h6 12. Rfe1 O-O 13. h3 Rfe8 14. Rac1 Rac8 15. a3 Qb8 16. Bb1 b5 17. Rcd1 a5 18. b3 Nb6 19. Qc1 b4 20. axb4 axb4 21. Ne2 Nbd7 22. Qb2 c5 23. dxc5 Bxf4 24. Nxf4 Nxc5 25. Nd4 Nce4 26. Bxe4 dxe4 27. Ndxe6 fxe6 28. Rd2 Qc7 29. Red1 Qc3 30. Qb1 Qc5 31. Ne2 e5 32. Ng3 Qc6 33. Rd6 Qb7 34. Nf5 Rc6 35. Rxc6 Qxc6 36. Rd6 Qc7 37. Nxh6+ Kh7 38. Nf5 Rc8 39. Rd1 Qc2 40. Nd6 Qxb1 41. Rxb1 Rc2 42. Kf1 g5 43. g4 Kg7 44. Ra1 Rb2 45. Ra7+ Kg8 46. Re7 Rxb3 47. Rxe5 Rb1+ 48. Kg2 Rd1 49. Nxe4 Nd5 50. Rxd5 1-0

[Event "Riga Tech Open A 2021"]
[Site "Riga LAT"]
[Date "2021.08.12"]
[EventDate "2021.08.09"]
[Round "6.3"]
[Result "1/2-1/2"]
[White "D Gukesh"]
[Black "Ilia Smirin"]
[WhiteElo "2578"]
[BlackElo "2610"]
[PlyCount "84"]

1. d4 Nf6 2. c4 g6 3. Nc3 Bg7 4. e4 d6 5. Nf3 O-O 6. Be2 e5 7. O-O Nbd7 8. Re1 exd4 9. Nxd4 Re8 10. Bf1 c6 11. Bf4 Ne5 12. f3 a6 13. a4 c5 14. Nc2 Be6 15. Qd2 Nxc4 16. Bxc4 Bxc4 17. Qxd6 Bb3 18. Ne3 Nh5 19. Qxd8 Raxd8 20. Bg5 f6 21. Bh4 Nf4 22. e5 Rxe5 23. Ne4 g5 24. Bg3 h5 25. h4 c4 26. hxg5 fxg5 27. Nxg5 Rxg5 28. Bxf4 Rc5 29. Re2 Re8 30. Rae1 Bxa4 31. Bd6 Rcc8 32. Nf5 Rxe2 33. Rxe2 Rd8 34. Nxg7 Rxd6 35. Nxh5 b5 36. Re8+ Kf7 37. Rc8 Rd2 38. g4 Bd1 39. Nf4 Bxf3 40. g5 Rd4 41. g6+ Ke7 42. g7 Rxf4 1/2-1/2

[Event "Riga Tech Open A 2021"]
[Site "Riga LAT"]
[Date "2021.08.12"]
[EventDate "2021.08.09"]
[Round "5.7"]
[Result "0-1"]
[White "Aras Vardanyan"]
[Black "D Gukesh"]
[WhiteElo "2255"]
[BlackElo "2578"]
[PlyCount "66"]

1. d4 d5 2. c4 e6 3. Nc3 Bb4 4. Nf3 Nf6 5. Qa4+ Nc6 6. e3 O-O 7. Bd2 a6 8. Rd1 Re8 9. h3 h6 10. Be2 dxc4 11. Bxc4 Bd6 12. O-O Rb8 13. Qc2 b5 14. Be2 Bb7 15. e4 e5 16. dxe5 Nxe5 17. Nxe5 Rxe5 18. Bf3 b4 19. Bf4 Qe7 20. Bxe5 Qxe5 21. Rxd6 cxd6 22. Nd5 Nxd5 23. exd5 Bxd5 24. Bxd5 Qxd5 25. Rd1 Qxa2 26. Rxd6 a5 27. h4 a4 28. h5 a3 29. Qc7 Rf8 30. Rd8 Qb1+ 31. Kh2 Rxd8 32. Qxd8+ Kh7 33. bxa3 bxa3 0-1

[Event "Riga Tech Open A 2021"]
[Site "Riga LAT"]
[Date "2021.08.13"]
[EventDate "2021.08.09"]
[Round "7.1"]
[Result "1-0"]
[White "Igor Kovalenko"]
[Black "D Gukesh"]
[WhiteElo "2644"]
[BlackElo "2578"]
[PlyCount "100"]

1. d4 Nf6 2. c4 e6 3. Nc3 Bb4 4. Nf3 O-O 5. e3 d5 6. Bd2 b6 7. Rc1 Bb7 8. cxd5 exd5 9. Bd3 Nbd7 10. O-O a6 11. a4 Qe7 12. Na2 Bd6 13. a5 Ne4 14. axb6 cxb6 15. Qb3 b5 16. Ba5 Rfc8 17. h3 h5 18. Bb4 g5 19. Bxd6 Qxd6 20. Nc3 g4 21. hxg4 hxg4 22. Nh4 Ndf6 23. Qd1 Qe6 24. Ne2 g3 25. fxg3 Nxg3 26. Rf3 Nxe2+ 27. Bxe2 Kf8 28. Bd3 Ne4 29. Nf5 Qf6 30. Bxe4 dxe4 31. Rf4 Rxc1 32. Qxc1 Rc8 33. Qe1 Ke8 34. Qg3 Kd7 35. Nh4 Qe6 36. Qg5 Rc1+ 37. Kh2 Qd6 38. Nf5 Qe6 39. Nh6 Kc7 40. Rf6 Qd5 41. Qf4+ Kc8 42. Rf5 Qe6 43. Nxf7 Rc7 44. Rf6 Qe7 45. Nd6+ Kb8 46. Rf8+ Bc8 47. Nxc8 Qh7+ 48. Kg1 Kb7 49. Rf7 Rxf7 50. Nd6+ 1-0

[Event "Riga Tech Open A 2021"]
[Site "Riga LAT"]
[Date "2021.08.14"]
[EventDate "2021.08.09"]
[Round "8.10"]
[Result "1-0"]
[White "D Gukesh"]
[Black "Martin Stukan"]
[WhiteElo "2578"]
[BlackElo "2443"]
[PlyCount "78"]

1. c4 e6 2. Nc3 c5 3. Nf3 Nf6 4. g3 b6 5. Bg2 Bb7 6. O-O Be7 7. Re1 d5 8. cxd5 Nxd5 9. Nxd5 Qxd5 10. e4 Qd3 11. b4 cxb4 12. Bb2 O-O 13. Ne5 Qd8 14. d4 Nd7 15. Nxd7 Qxd7 16. d5 exd5 17. exd5 Rfe8 18. Re4 Rad8 19. Rg4 Bf8 20. Bf6 Rc8 21. Qd4 g6 22. Rh4 Qd6 23. h3 Ba6 24. Rd1 Rc4 25. Qb2 Rxh4 26. Bxh4 Re2 27. Qb1 Re8 28. g4 Bb7 29. Qd3 Qd7 30. Bf6 Qd6 31. Qb5 Rc8 32. Bh4 a6 33. Qe2 a5 34. Bg3 Qd7 35. Qe3 Bc5 36. Qf4 Rd8 37. Qf6 Bd6 38. Re1 Bxg3 39. Re7 1-0

[Event "Riga Tech Open A 2021"]
[Site "Riga LAT"]
[Date "2021.08.15"]
[EventDate "2021.08.09"]
[Round "9.6"]
[Result "1-0"]
[White "Gergely Kantor"]
[Black "D Gukesh"]
[WhiteElo "2533"]
[BlackElo "2578"]
[PlyCount "72"]

1. d4 f5 2. Bf4 Nf6 3. e3 e6 4. Nf3 b6 5. Nbd2 Bb7 6. Bd3 Be7 7. Qe2 O-O 8. c3 Ne4 9. Rg1 Nxd2 10. Nxd2 g5 11. Bg3 d5 12. h3 c5 13. f4 Bd6 14. Nf3 cxd4 15. Nxg5 dxc3 16. Nxe6 Qf6 17. Nxf8 Bxf8 18. O-O-O Nc6 19. Qh5 Bg7 20. Bh4 Qf8 21. Qxf5 Qb4 22. Qxd5+ Kh8 23. Qb3 Qc5 24. Qc4 Qxe3+ 25. Kb1 Nd4 26. Rge1 Qxf4 27. g3 Qf3 28. Qxc3 Rc8 29. Qd2 Bd5 30. Rf1 Qh5 31. Qg5 Qxg5 32. Bxg5 Bg2 33. Rf7 Bd5 34. Rxa7 Nc6 35. Rxg7 Nb4 36. Bf6 1-0

[Event "2nd Tras-os-Montes Open"]
[Site "Braganca POR"]
[Date "2021.08.19"]
[EventDate "?"]
[Round "1.4"]
[Result "0-1"]
[White "Adrien Jacquot"]
[Black "D Gukesh"]
[WhiteElo "1980"]
[BlackElo "2578"]
[PlyCount "80"]

1. e4 c5 2. Nf3 Nc6 3. d4 cxd4 4. Nxd4 e6 5. Be3 Nf6 6. Nc3 Bb4 7. Bd3 e5 8. Nf5 g6 9. Ng3 d5 10. exd5 Nxd5 11. Bd2 Nf4 12. Bxf4 exf4 13. Ne4 O-O 14. O-O Be6 15. a3 Be7 16. Re1 Qc7 17. Nb5 Qb6 18. c4 Rad8 19. Qb1 Ne5 20. c5 Qc6 21. Bf1 Bf5 22. Nxa7 Qe6 23. b4 f3 24. Qa2 fxg2 25. Bxg2 Qa6 26. Ng3 Be6 27. Qe2 Nc4 28. Qf1 Bf6 29. Ra2 Rfe8 30. b5 Qxa7 31. Rxe6 Rxe6 32. Qxc4 Rd4 33. b6 Qa5 34. Qc2 Re1+ 35. Nf1 Qb5 36. h3 Rdd1 37. f4 Rxf1+ 38. Kh2 Bd4 39. c6 Bg1+ 40. Kg3 Rd3+ 0-1

[Event "2nd Tras-os-Montes Open"]
[Site "Braganca POR"]
[Date "2021.08.20"]
[EventDate "?"]
[Round "2.4"]
[Result "1-0"]
[White "D Gukesh"]
[Black "Aspet Tadevosyan"]
[WhiteElo "2578"]
[BlackElo "2245"]
[PlyCount "58"]

1. d4 Nf6 2. Nf3 d5 3. Bf4 e6 4. e3 Bd6 5. Nbd2 O-O 6. Bd3 c5 7. c3 Bxf4 8. exf4 b6 9. Qe2 Bb7 10. Ne5 Qc8 11. h4 Ba6 12. h5 Bxd3 13. Qxd3 Qa6 14. Qe3 Qb5 15. O-O-O cxd4 16. cxd4 Nc6 17. Kb1 Na5 18. h6 g6 19. f3 Rac8 20. Rc1 Qb4 21. g4 Qd6 22. Rhe1 b5 23. b3 Rfd8 24. Kb2 Qf8 25. f5 exf5 26. gxf5 Rxc1 27. Rxc1 Rc8 28. fxg6 hxg6 29. Nxg6 1-0

[Event "2nd Tras-os-Montes Open"]
[Site "Braganca POR"]
[Date "2021.08.20"]
[EventDate "?"]
[Round "3.3"]
[Result "0-1"]
[White "Hampus Sorensen"]
[Black "D Gukesh"]
[WhiteElo "2382"]
[BlackElo "2578"]
[PlyCount "46"]

1. d4 Nf6 2. c4 g6 3. Nc3 Bg7 4. e4 d6 5. h3 Nbd7 6. Nf3 e5 7. Be3 exd4 8. Nxd4 O-O 9. Be2 Nc5 10. f3 Nh5 11. O-O Qh4 12. Qd2 Bxh3 13. gxh3 Qg3+ 14. Kh1 Qxh3+ 15. Kg1 Ng3 16. Kf2 f5 17. exf5 Rae8 18. Rg1 Rxe3 19. Rxg3 Qh2+ 20. Kf1 Rxc3 21. Rg2 Qh1+ 22. Rg1 Qh3+ 23. Rg2 Rd3 0-1

[Event "2nd Tras-os-Montes Open"]
[Site "Braganca POR"]
[Date "2021.08.21"]
[EventDate "?"]
[Round "4.3"]
[Result "1-0"]
[White "D Gukesh"]
[Black "Vojtech Zwardon"]
[WhiteElo "2578"]
[BlackElo "2466"]
[PlyCount "44"]

1. d4 Nf6 2. Nf3 e6 3. c4 c5 4. d5 b5 5. dxe6 fxe6 6. cxb5 d5 7. Nc3 Nbd7 8. e4 d4 9. Nb1 Nxe4 10. Bd3 Ndf6 11. O-O Be7 12. Qc2 Bb7 13. Re1 Qd5 14. Nbd2 Nxd2 15. Bxd2 Qd6 16. Bc4 Bd5 17. Ng5 Ng4 18. Bxd5 Qxh2+ 19. Kf1 exd5 20. Rxe7+ Kxe7 21. Qxc5+ Qd6 22. Qxd4 1-0

[Event "2nd Tras-os-Montes Open"]
[Site "Braganca POR"]
[Date "2021.08.21"]
[EventDate "?"]
[Round "5.1"]
[Result "0-1"]
[White "Martinez Ramirez, Lennis"]
[Black "D Gukesh"]
[WhiteElo "2458"]
[BlackElo "2578"]
[PlyCount "96"]

1. c4 e6 2. Nf3 d5 3. e3 Nf6 4. Nc3 b6 5. b3 Bb7 6. Bb2 Nbd7 7. Be2 a6 8. O-O Bd6 9. cxd5 exd5 10. Rc1 O-O 11. Nd4 Re8 12. Nb1 Bc5 13. Nf5 Bf8 14. d3 g6 15. Ng3 h5 16. Re1 b5 17. d4 Bd6 18. Nf1 Ne4 19. Bd3 h4 20. a4 b4 21. f3 Ng5 22. Nbd2 Nf6 23. Qe2 h3 24. g3 a5 25. Qf2 Kg7 26. g4 Ba6 27. Bxa6 Rxa6 28. Qh4 Ne6 29. Qxh3 Rh8 30. Qg2 Rh4 31. g5 Nh5 32. f4 Nexf4 33. exf4 Nxf4 34. Qf3 Nh3+ 35. Kh1 Qxg5 36. Qg2 Rg4 37. Ng3 Bxg3 38. Qxh3 Bxe1 39. Nf3 Qf5 40. Rxe1 Rf6 41. Rf1 Rg1+ 42. Nxg1 Qxf1 43. Qg3 Qb1 44. Qg2 Rf1 45. h4 Qe1 46. Qg4 f5 47. Qg5 Qe4+ 48. Kh2 Rf2+ 0-1

[Event "2nd Tras-os-Montes Open"]
[Site "Braganca POR"]
[Date "2021.08.22"]
[EventDate "?"]
[Round "6.1"]
[Result "1-0"]
[White "D Gukesh"]
[Black "Max Warmerdam"]
[WhiteElo "2578"]
[BlackElo "2562"]
[PlyCount "78"]

1. d4 d5 2. c4 e6 3. Nf3 c6 4. Bg5 Nf6 5. Nc3 dxc4 6. e4 b5 7. a4 a6 8. axb5 cxb5 9. e5 h6 10. Bd2 Nd5 11. Nxb5 Qb6 12. Nc3 Qxb2 13. Na4 Qb3 14. Bxc4 Qxc4 15. Rc1 Qb5 16. Rxc8+ Kd7 17. Nc3 Nxc3 18. Rxc3 Bb4 19. Rb3 Nc6 20. d5 exd5 21. Nd4 Qc4 22. Nxc6 Bxd2+ 23. Kxd2 Rhc8 24. Qf3 Qxc6 25. Qxf7+ Kd8 26. Qf8+ Qe8 27. Qxg7 Rc4 28. Rhb1 Rac8 29. Rb7 Rc2+ 30. Ke1 Rc1+ 31. Rxc1 Rxc1+ 32. Kd2 Kc8 33. Kxc1 Qc6+ 34. Kb2 Qxb7+ 35. Qxb7+ Kxb7 36. g4 a5 37. h4 Kc6 38. g5 hxg5 39. h5 1-0

[Event "2nd Tras-os-Montes Open"]
[Site "Braganca POR"]
[Date "2021.08.23"]
[EventDate "?"]
[Round "8.2"]
[Result "1-0"]
[White "D Gukesh"]
[Black "Fy Antenaina Rakotomaharo"]
[WhiteElo "2578"]
[BlackElo "2444"]
[PlyCount "66"]

1. d4 d5 2. Nf3 Nf6 3. c4 e6 4. g3 Bb4+ 5. Nbd2 dxc4 6. Bg2 O-O 7. O-O b5 8. a4 c6 9. Ne1 Nd5 10. e4 c3 11. Ndf3 cxb2 12. Bxb2 Nb6 13. Nd3 Be7 14. axb5 cxb5 15. d5 Nc4 16. Bc3 exd5 17. exd5 Bf6 18. Nd4 Qb6 19. Nxb5 Bxc3 20. Nxc3 Nd6 21. Qa4 Bf5 22. Ne5 a5 23. g4 Bg6 24. Qf4 Re8 25. Rfc1 Qd8 26. Qg3 f6 27. Nc6 Qd7 28. Re1 Na6 29. Re6 Nb7 30. Na4 Qf7 31. Nb6 Nac5 32. Nxa8 Rxa8 33. Re7 1-0

[Event "2nd Tras-os-Montes Open"]
[Site "Braganca POR"]
[Date "2021.08.24"]
[EventDate "?"]
[Round "9.2"]
[Result "0-1"]
[White "Nodar Lortkipanidze"]
[Black "D Gukesh"]
[WhiteElo "2429"]
[BlackElo "2578"]
[PlyCount "108"]

1. e4 c5 2. Nf3 Nc6 3. Nc3 e5 4. Bc4 Be7 5. Nd5 Nf6 6. Nxf6+ Bxf6 7. O-O d6 8. d3 O-O 9. c3 Be6 10. Be3 Qd7 11. a3 a5 12. a4 b6 13. Qb3 Rab8 14. Nd2 Rfd8 15. f4 d5 16. exd5 Bxd5 17. Ne4 Be7 18. f5 Bxc4 19. Qxc4 Qxd3 20. Qxd3 Rxd3 21. Kf2 f6 22. Ke2 Rdd8 23. g4 Kf7 24. h4 b5 25. axb5 Rxb5 26. Bc1 g6 27. Ra4 Nb8 28. g5 gxf5 29. Rxf5 Nd7 30. gxf6 Bf8 31. Ng5+ Kg6 32. Rf1 h5 33. Ne4 Rdb8 34. Ra1 R8b6 35. Kd3 Nxf6 36. Nxf6 Rxf6 37. Rxf6+ Kxf6 38. Kc4 Rb8 39. Rxa5 Kf5 40. b3 Be7 41. Be3 Bxh4 42. Bxc5 Bg3 43. b4 h4 44. b5 h3 45. b6 h2 46. Ra1 Kg4 47. Kd5 e4 48. c4 Kf3 49. Kc6 Rh8 50. Bd6 Bxd6 51. Kxd6 h1=Q 52. Rxh1 Rxh1 53. c5 Rb1 54. Kc7 e3 0-1

[Event "Norway Chess Open Masters"]
[Site "Stavanger NOR"]
[Date "2021.09.10"]
[EventDate "?"]
[Round "1.2"]
[Result "0-1"]
[White "Mathias Unneland"]
[Black "D Gukesh"]
[WhiteElo "2206"]
[BlackElo "2599"]
[PlyCount "64"]

1. e4 c6 2. Nc3 d5 3. Nf3 dxe4 4. Nxe4 Nf6 5. Qe2 Nxe4 6. Qxe4 Nd7 7. Bc4 Nf6 8. Ne5 e6 9. Qe2 b5 10. Bb3 Qc7 11. O-O Bd6 12. d4 O-O 13. c3 c5 14. Qxb5 a5 15. Qe2 cxd4 16. cxd4 Ba6 17. Bc4 Bxe5 18. Bxa6 Bxh2+ 19. Kh1 Bf4 20. Bd3 Rad8 21. Be3 Rd5 22. Rac1 Qb8 23. Rc5 Rxc5 24. dxc5 Bxe3 25. fxe3 Qb4 26. e4 Qxc5 27. e5 Nd7 28. Qe4 g6 29. Re1 Rc8 30. a3 Rb8 31. Qe2 Qd4 32. Bb5 Rxb5 0-1

[Event "Norway Chess Open Masters"]
[Site "Stavanger NOR"]
[Date "2021.09.11"]
[EventDate "?"]
[Round "2.2"]
[Result "1-0"]
[White "D Gukesh"]
[Black "Ludvig Carlsson"]
[WhiteElo "2599"]
[BlackElo "2369"]
[PlyCount "94"]

1. d4 Nf6 2. Nf3 d5 3. c4 e6 4. Nc3 c5 5. e3 a6 6. cxd5 exd5 7. Bd3 Nc6 8. O-O Bg4 9. Be2 Rc8 10. h3 Be6 11. Bd3 Bd6 12. dxc5 Bxc5 13. Ne2 O-O 14. b3 Ne4 15. Bb2 Qb6 16. Ned4 Nxd4 17. Nxd4 Bb4 18. Bxe4 dxe4 19. Nxe6 fxe6 20. Qg4 Bc3 21. Bxc3 Rxc3 22. Qxe4 Qc6 23. Qxc6 Rxc6 24. Rac1 Rfc8 25. Rxc6 Rxc6 26. Rd1 Rc2 27. a4 b5 28. Rd6 bxa4 29. bxa4 a5 30. Rxe6 Rc4 31. Ra6 Rxa4 32. g4 Ra1+ 33. Kg2 a4 34. h4 h6 35. h5 a3 36. Kg3 a2 37. Kf4 Kf7 38. Kf5 Ke7 39. e4 Kf7 40. Ra7+ Ke8 41. e5 Kd8 42. f4 Ke8 43. Ke6 Kd8 44. f5 Rg1 45. Rxa2 Rxg4 46. Ra8+ Kc7 47. f6 1-0

[Event "Norway Chess Open Masters"]
[Site "Stavanger NOR"]
[Date "2021.09.12"]
[EventDate "?"]
[Round "4.1"]
[Result "1-0"]
[White "D Gukesh"]
[Black "Dmitrij Kollars"]
[WhiteElo "2599"]
[BlackElo "2621"]
[PlyCount "128"]

1. Nf3 d5 2. e3 Nf6 3. c4 e6 4. Nc3 Be7 5. b3 O-O 6. Bb2 c5 7. cxd5 Nxd5 8. Nxd5 exd5 9. d4 Nc6 10. dxc5 Bxc5 11. Bd3 Bb4+ 12. Kf1 Be7 13. h3 Bf6 14. Qd2 Be6 15. Rd1 a5 16. Bb5 Bxb2 17. Qxb2 Qb6 18. a4 Rac8 19. Ke2 Na7 20. Qd4 Rc5 21. Rc1 Rfc8 22. Bd3 h6 23. Rxc5 Qxc5 24. Rb1 Qxd4 25. Nxd4 Bd7 26. Kd2 Nc6 27. Bf5 Nxd4 28. Bxd7 Rd8 29. exd4 Rxd7 30. Rc1 Rd6 31. Rc8+ Kh7 32. Rc7 Rf6 33. f3 Rg6 34. Rxb7 Rxg2+ 35. Ke3 Rc2 36. Rb5 Rc3+ 37. Ke2 g5 38. Rxa5 Rxb3 39. Rxd5 Ra3 40. a5 Kg6 41. Rd6+ Kf5 42. a6 h5 43. Kd2 h4 44. Rb6 Kf4 45. d5 Ke5 46. d6 Ke6 47. Kc2 Rxf3 48. Kb2 Rf5 49. Ka3 Ra5+ 50. Kb4 Ra1 51. Kc5 g4 52. hxg4 h3 53. Rb2 Rxa6 54. Re2+ Kd7 55. Re7+ Kd8 56. Rxf7 h2 57. Rh7 Ra2 58. g5 Rg2 59. g6 Rc2+ 60. Kd5 Rd2+ 61. Ke6 Re2+ 62. Kf6 Rg2 63. Kg7 Kd7 64. Kh8+ 1-0

[Event "Norway Chess Open Masters"]
[Site "Stavanger NOR"]
[Date "2021.09.12"]
[EventDate "?"]
[Round "3.2"]
[Result "1/2-1/2"]
[White "Valentin Dragnev"]
[Black "D Gukesh"]
[WhiteElo "2551"]
[BlackElo "2599"]
[PlyCount "78"]

1. e4 c6 2. Nc3 d5 3. Nf3 dxe4 4. Nxe4 Nf6 5. Qe2 Nxe4 6. Qxe4 Nd7 7. d4 Nf6 8. Qd3 Bg4 9. Ne5 Bh5 10. c3 e6 11. Qh3 Qd5 12. Bc4 Qe4+ 13. Be3 Bd6 14. Bd3 Qd5 15. f4 O-O-O 16. O-O Bg6 17. Bc4 Qa5 18. b4 Qc7 19. Bb3 Bf5 20. Qf3 h5 21. a3 g5 22. c4 Ng4 23. c5 Bxe5 24. fxe5 f6 25. h3 Nxe3 26. Qxe3 fxe5 27. Qxe5 Qxe5 28. dxe5 Rd4 29. Rae1 Rhd8 30. Re3 Kd7 31. Rg3 g4 32. hxg4 hxg4 33. Rd1 Ke7 34. Rxd4 Rxd4 35. Re3 Be4 36. Kf2 Bd5 37. Kg3 Kf7 38. Bc2 Kg7 39. Rd3 Rc4 1/2-1/2

[Event "Norway Chess Open Masters"]
[Site "Stavanger NOR"]
[Date "2021.09.13"]
[EventDate "?"]
[Round "5.1"]
[Result "0-1"]
[White "Vitaly Kunin"]
[Black "D Gukesh"]
[WhiteElo "2562"]
[BlackElo "2599"]
[PlyCount "70"]

1. d4 Nf6 2. c4 e6 3. Nf3 d5 4. Nc3 Bb4 5. Qb3 c5 6. dxc5 Nc6 7. Bg5 Qa5 8. Bxf6 dxc4 9. Qxc4 gxf6 10. Rc1 Qxc5 11. Qf4 Ke7 12. g3 e5 13. Qe4 Be6 14. Bg2 Qc4 15. Qe3 Qc5 16. Qh6 Nd4 17. a3 Bxc3+ 18. Rxc3 Qb6 19. Nxd4 exd4 20. Rc2 Rac8 21. Rxc8 Rxc8 22. Qd2 Bf5 23. O-O Rc2 24. Qf4 Bg6 25. Bf3 Rxb2 26. h4 Qd6 27. Qc1 Rc2 28. Qh6 Qe5 29. Rc1 Rc3 30. Qd2 b5 31. h5 Bf5 32. Rd1 a5 33. e3 d3 34. e4 Be6 35. Be2 Bb3 0-1

[Event "Norway Chess Open Masters"]
[Site "Stavanger NOR"]
[Date "2021.09.14"]
[EventDate "?"]
[Round "6.1"]
[Result "1-0"]
[White "D Gukesh"]
[Black "Titas Stremavicius"]
[WhiteElo "2599"]
[BlackElo "2478"]
[PlyCount "90"]

1. d4 f5 2. c4 Nf6 3. Nf3 g6 4. g3 Bg7 5. Bg2 O-O 6. O-O d6 7. Nc3 c6 8. Qc2 Na6 9. Rb1 Ne4 10. b4 Kh8 11. b5 Nxc3 12. Qxc3 Nc5 13. bxc6 bxc6 14. Qc2 Ne4 15. Ng5 Nxg5 16. Bxg5 Qc7 17. Qa4 Bd7 18. c5 Rfe8 19. Bf4 Rab8 20. Rxb8 Qxb8 21. Bxc6 Bxc6 22. Qxc6 e5 23. dxe5 dxe5 24. Bg5 Qc8 25. Qd5 h6 26. Be3 Rd8 27. Qc4 Qc6 28. f3 g5 29. Bf2 e4 30. fxe4 f4 31. Rb1 Be5 32. g4 Kg7 33. h3 Kg6 34. Qc2 h5 35. Rd1 Rh8 36. Bd4 Qe6 37. Bxe5 Qxe5 38. Rd5 Qa1+ 39. Rd1 Qe5 40. Rd6+ Kg7 41. Rd7+ Kh6 42. Qc4 hxg4 43. hxg4 Re8 44. Qa6+ Re6 45. Qxe6+ 1-0